000 00317 a2200133 4500
000 nam a22 7a 4500
005 20260311122954.0
100 _aTong, David
_91131642
245 _aElectromagnetism
260 _bCambridge University Press
_c2025
440 _aVol.2
_91131659
490 _aVol.2
942 _cAUD
999 _c1715108
_d1715108